• 首页
  • 本馆介绍
  • 公告通知
  • 最新文献
  • 馆藏检索
  • 电子资源
  • 读者导购
  • 参考咨询
  • 我的图书馆
  • 登录
  • 详细信息显示
  • 放入我的书架
  • 预约/预借图书
  • 作者相关作品
  • 分类相关作品
  • 丛书相关作品
  • 出版社相关作品

书目信息

  • 表格格式
  • 工作单格式
  • 卡片格式
题名:
幼儿教育学
    
 
作者: 郑慧英 主编
分册:  
出版信息: 福州   福建教育出版社  1996
页数: 335页
开本: 20cm
丛书名: 教育学丛书
单 册:
中图分类: G610 , G61
科图分类:
主题词: 学前教育--教育学
电子资源:
ISBN: 7-5334-1706-2
000 00666nam2 2200253 450
001 1539157400
005 20150201135620.59
010    @a7-5334-1706-2@dCNY18.30
100    @a20021005d1996 kemy0chiy0110 ea
101 0  @achi
102    @aCN@b350000
105    @ay z 000yy
200 1  @a幼儿教育学@9you er jiao yu xue@f郑慧英主编
210    @a福州@c福建教育出版社@d1996
215    @a335页@d20cm
225 2  @a教育学丛书
300    @a国家八五重点图书
461  0 @12001 @a教育学丛书
606 0  @a学前教育@x教育学
690    @aG610@v5
690    @aG61@v4
701  0 @a郑慧英@9zheng hui ying@4主编
801  0 @aCN@bTSSF@c20150201
905    @aZUCC@dG61@eJY192
    
    幼儿教育学/郑慧英主编.-福州:福建教育出版社,1996
    335页;20cm.-(教育学丛书)
    国家八五重点图书
    
    ISBN 7-5334-1706-2:CNY18.30
    
●
相关链接 在E读中查询图书 在五车中查询图书 在当当中查询图书 在豆瓣中查询图书


正题名:幼儿教育学     索取号:G61/JY192         预约/预借

序号 登录号 条形码 馆藏地/架位号 状态 备注
1 7846621   278466214   学院路分馆/ [索取号:G61/JY192] 在馆    
2 7860833   278608339   学院路分馆/ [索取号:G61/JY192] 在馆    
唐山师范学院图书馆 欢迎您!
大连网信软件有限公司© 版权所有